Responses for Show #5386 - Monday, January 28, 2008

Contestants

[<< previous game]

Steven Melendez, a computer consultant from Cambridge, Massachusetts

Melissa Prusi, a marketing writer originally from Negaunee, Michigan

Ethan Brosowsky, an actor from Los Angeles, California (whose 1-day cash winnings total $21,600)

[next game >>]

Jeopardy! Round responses

SPANNING THE GLOBE
NO. 1 ALBUMS
CLASSIC AD LINES
SHAKESPEARE'S ENGLISH KINGS
WHO'S RUNNING THIS OPERATION?
ALSO ON YOUR PC KEYBOARD
    $200 1
Vietnam

Ethan
    $200 11
John Lennon

Steven
    $200 16
Folgers

Melissa
    $200 21
Anne Boleyn

Steven
    $200 23
dean

Steven
    $200 6
shift

Melissa
    $400 2
La Paz

Steven
    $400 12
Paul Simon

Ethan
    $400 17
Secret

Melissa
    $400 22
Alexander the Great

Ethan
    $400 24
chief

Steven
    $400 7
delete

Steven
    $600 3
Korea

Melissa
    $600 13
U2

Ethan
    $600 18
Sears

Steven
    $600 28
Richard III

Steven
    $600 25
(Melissa: What is manager?)
(Alex: Manager, [*], yes.)
[Melissa was originally ruled correct, but the ruling was reversed before Double Jeopardy!]

general manager

Melissa
Triple Stumper
    $1,000 8
Tab

Steven
    $800 4
(Ethan: What is Crete?)

Cyprus

EthanSteven
    $800 14
Van Halen

Triple Stumper
    $800 19
Irish Spring

Melissa
    $800 29
Richard the Lion-Hearted

Steven
    $800 26
czar

Ethan
    $800 9
Alt

Ethan
    $1000 5
Nigeria

Steven
    $1000 15
John Fogerty

Melissa
    $1000 20
(Steven: What is Centrum?)

Geritol

MelissaSteven
    $1000 30
Jerusalem

Melissa
    $1000 27
king (or lord)

Ethan
    $1000 10
insert

Steven

Scores at the first commercial break (after clue 15):

Ethan Melissa Steven
$1,200 $1,800 $4,800

Scores at the end of the Jeopardy! Round:

Ethan Melissa Steven
$3,400 $4,600 $6,600

Double Jeopardy! Round responses

HEY, GOOD LOOKING!
CAN I BUY YOU A DRINK?
THAT SOUNDS "GREAT"
BLIGH ME, CAPTAIN!
I'D LIKE TO Y A VOWEL
(Alex: "Y" will be the only vowel you'll find in each correct response.)
MISSILES
(Kelly: From the 3200-square-mile White Sands Missile Range, the largest military installation in the country.)
    $400 8
David Beckham

Ethan
    $400 6
(Ethan: What is bourbon?)
(Steven: What is beer?)
...
(Alex: See, if you guys were drinkers like--well--it would be [*], and you would know that.)

brandy

EthanSteven
Triple Stumper
    $400 1
Great Expectations

Ethan
    $400 18
Fletcher Christian

Melissa
    $400 22
gym

Steven
    $400 16
(Melissa: What are Scud missiles?)

Patriot missiles

EthanMelissa
    $800 9
Drew Barrymore

Melissa
    $800 7
cranberry juice

Steven
    $800 2
the Great Dane

Melissa
    $800 19
Hawaii

Ethan
    $800 23
spry

Steven
    $800 17
(Steven: What is a ship?)

a submarine

MelissaSteven
    $1200 10
George Clooney & Brad Pitt

Ethan
    $1200 13
creme de menthe

Melissa
    $1200 3
the Great White Way

Ethan
    $1200 27
the breadfruit tree

Melissa
    $1200 24
(Steven: What is pygmy?)

a lynx

MelissaSteven
    $1200 20
(Steven: What are Apache?)

Stinger missiles

Steven
Triple Stumper
    $1600 11
Ethan Hawke

Melissa
    $1600 14
the Godfather

Triple Stumper
    $1600 4
the Great Fire of London (the Great London Fire accepted)

Melissa
    $1600 28
New South Wales

Steven
    $2,400 25
a crypt

Melissa
    $1600 21
Pershing

Steven
    $2000 12
Candice Bergen

Melissa
    $2000 15
a White Russian

Ethan
    $2,000 5
the Great Continental Divide

Melissa
    $2000 29
(Steven: What is Australia?)
(Melissa: What is Tahiti?)

New Zealand

MelissaSteven
Triple Stumper
    $2000 26
rhythms

Melissa
    $2000 30
V-2

Steven

Scores at the end of the Double Jeopardy! Round:

Ethan Melissa Steven
$9,400 $20,200 $8,200
(lock game)

[wagering suggestions for these scores]

Final Jeopardy! Round responses

TV CELEBRITIES
(Alex: And, he is one of the regulars on, when it airs, the No. 1 show on television.)
...
(Alex: [Revealing Steven's response] Ha ha ha ha ha ha. I wish.)
...
(Alex: Let's go over to Ethan, he had $9,400. And did he put Trebek also? [Reveals response] Ha ha ha ha ha ha! You are forgetting many other important people.)
StevenWho is Trebek?
$8,000
EthanWho is Alex Trebek
$7,001
MelissaWho is Simon Cowell?
$1,000
Simon Cowell

Final scores:

Ethan Melissa Steven
$2,399 $21,200 $200
2nd place: $2,000 New champion: $21,200 3rd place: $1,000

Game dynamics:

Coryat scores:

Ethan Melissa Steven
$9,400 $19,400 $7,800
14 R,
2 W
21 R
(including 2 DDs),
3 W
19 R
(including 1 DD),
6 W

Combined Coryat: $36,600

[game clues] [game scores] [suggest correction]

Game tape date: 2007-10-29
The J! Archive is created by fans, for fans. Scraping, republication, monetization, and malicious use prohibited; this site may use cookies and collect identifying information. See terms. The Jeopardy! game show and all elements thereof, including but not limited to copyright and trademark thereto, are the property of Jeopardy Productions, Inc. and are protected under law. This website is not affiliated with, sponsored by, or operated by Jeopardy Productions, Inc. Join the discussion at JBoard.tv.